Problémové regióny - rozvojové možnosti a obmedzenia v slovenských a cezhraničných kontextoch

Identifikácia príčin problémovosti v regiónoch v ekonomike Slovenska, ktoré boli vybrané na základe syntetickej typológie regiónov (na úrovni štatistických okresov). Pozícia regiónov z pohľadu ich ekonomického rozvoja. Silné a slabé stránky skúmaných regiónov. Možné príležitosti. Cezhraničná spolupr...

Full description

Saved in:
Bibliographic Details
Main Author: Tvrdoň, Jozef
Format: Book Chapter
Language:Slovak
Subjects:
Tags: Add Tag
No Tags, Be the first to tag this record!

MARC

LEADER 00000nla$a2200000$$$4500
001 0051102
005 20240502071608.2
041 0 |a slo 
044 |a SK 
245 1 0 |a Problémové regióny - rozvojové možnosti a obmedzenia v slovenských a cezhraničných kontextoch  |c Jozef Tvrdoň 
520 |a Identifikácia príčin problémovosti v regiónoch v ekonomike Slovenska, ktoré boli vybrané na základe syntetickej typológie regiónov (na úrovni štatistických okresov). Pozícia regiónov z pohľadu ich ekonomického rozvoja. Silné a slabé stránky skúmaných regiónov. Možné príležitosti. Cezhraničná spolupráca. Spolupráca s VUC. 
610 2 0 |a analýza ekonomická 
610 2 0 |a regióny ekonomické 
610 2 0 |a Slovensko 
610 2 0 |a rozvoj regionálny 
610 2 0 |a spolupráca cezhraničná 
610 2 0 |a analýza swot 
610 2 0 |a podnikanie 
610 2 0 |a diferenciácia regionálna 
100 1 |a Tvrdoň, Jozef